Obwody Ukrainy - Statystyki

Ogólne statystyki
  • Ten quiz został rozwiązany 244 razy
  • Średni wynik to 15 z 27
Statystyki odpowiedzi
Nazwa obwodu % Poprawnych
miasto {Kijów}
97%
lwowski
91%
doniecki
82%
kijowski
77%
ługański
77%
Autonomiczna Republika Krymu
75%
charkowski
75%
odeski
75%
zaporoski
61%
wołyński
59%
chersoński
55%
sumski
55%
tarnopolski
51%
zakarpacki
51%
żytomierski
51%
iwanofrankowski
49%
winnicki
47%
mikołajowski
43%
chmielnicki
39%
czernihowski
39%
miasto {Sewastopol}
38%
połtawski
38%
czerkaski
37%
dniepropietrowski
37%
rówieński
32%
czerniowiecki
30%
kirowohradzki
19%
Nie znaleziono quizów pasujących do podanych kryteriów
Rozkład punktacji
Procent ludzi z każdym wynikiem
Percentyl według liczby udzielonych odpowiedzi
Twoja historia wyników
Nie rozwiązałeś tego quizu